| 000 | 00692nam a2200193 4500 | ||
|---|---|---|---|
| 001 | 131734 | ||
| 003 | ES-MaACL | ||
| 005 | 20251218063014.0 | ||
| 007 | t| | ||
| 008 | 070214s1950 sp r ||||1| spa d | ||
| 100 |
_aRodríguez López-Neyra de Gorgot, Carlos _9194314 |
||
| 245 | 1 | 3 |
_aLa parasitología humana en el Marruecos español / _cCarlos Rodríguez López-Neyra. |
| 260 |
_aMadrid : _bAres, _c1950. |
||
| 300 |
_a59 p. ; _c24 cm. |
||
| 500 | _aPrecede al tít.: Consejo Superior de Investigaciones Científicas, Instituto de Estudios Africanos. | ||
| 710 | 2 |
_aInstituto de Estudios Africanos. _94881 |
|
| 852 |
_aES-MaACL _j1915-F-9 _bR.30428 |
||
| 999 |
_c131734 _d131734 |
||